[Event "Reykjavik Open 2009"]
[Site "Reykjavik"]
[Date "2009.03.31"]
[Round "8.26"]
[White "Naslund, Mikael"]
[Black "Arngrimsson, Dagur"]
[Result "0-1"]
[WhiteElo "2195"]
[BlackElo "2404"]
[PlyCount "128"]
[EventDate "2009.03.24"]

1. e4 e5 2. d4 exd4 3. Nf3 Nc6 4. Bb5 a6 5. Bxc6 dxc6 6. Qxd4 Qxd4 7. Nxd4 Bd7
8. Be3 O-O-O 9. Nc3 g6 10. O-O-O Bg7 11. Nde2 Nh6 12. Bd4 f6 13. f3 b6 14. h4
c5 15. Be3 Nf7 16. Nd5 Kb7 17. h5 g5 18. Ng3 h6 19. Nf5 Bxf5 20. exf5 Rhe8 21.
Rhe1 Re5 22. Nc3 Rxd1+ 23. Rxd1 Kc6 24. Bf2 Rxf5 25. Bg3 g4 26. fxg4 Rg5 27.
Bf4 Rxg4 28. g3 Bf8 29. Re1 Ng5 30. Re8 Bd6 31. Rh8 Bxf4+ 32. gxf4 Rxf4 33.
Rxh6 Rf2 34. Rg6 Kd6 35. h6 Ke5 36. Rg7 Rh2 37. Rxc7 Rxh6 38. Rc6 Rh1+ 39. Kd2
Rh2+ 40. Kd3 f5 41. Rxb6 f4 42. Rxa6 f3 43. Ra8 Ne6 44. Ke3 f2 45. Ke2 Nf4+ 46.
Kf1 Nh3 47. Rf8 Rh1+ 48. Kg2 Rg1+ 49. Kxh3 f1=Q+ 50. Rxf1 Rxf1 51. Kg2 Rc1 52.
Kf3 Rxc2 53. Ke3 Rxb2 54. Kd3 Rb4 55. a3 c4+ 56. Kc2 Rb3 57. a4 Kd4 58. Ne2+
Kc5 59. Nc3 Kb4 60. Ne4 Re3 61. Nd6 Re2+ 62. Kc1 Kc3 63. Nb5+ Kd3 64. a5 c3 0-1

[Event "Reykjavik Open 2009"]
[Site "Reykjavik"]
[Date "2009.03.31"]
[Round "8.27"]
[White "Thorsson, Olafur"]
[Black "Kjartansson, Gudmundur"]
[Result "0-1"]
[WhiteElo "2199"]
[BlackElo "2365"]
[PlyCount "104"]
[EventDate "2009.03.24"]

1. c4 Nf6 2. Nf3 b6 3. d4 e6 4. a3 Bb7 5. Nc3 d5 6. cxd5 Nxd5 7. e3 g6 8. h4
Bg7 9. Bd2 Nd7 10. h5 Qe7 11. h6 Bf6 12. Ne4 O-O 13. Nxf6+ N5xf6 14. Bb4 c5 15.
dxc5 Nxc5 16. Qd4 Rfd8 17. Bxc5 bxc5 18. Qe5 Rd5 19. Qc3 e5 20. Rh4 Nd7 21. Be2
Rd8 22. Ra4 a6 23. Rd1 Rxd1+ 24. Bxd1 Nb6 25. Ra5 Qf8 26. Rxc5 Rxd1+ 27. Kxd1
Na4 28. Qxe5 Bxf3+ 29. gxf3 Nxc5 30. Ke2 Ne6 31. Qc3 Qxh6 32. Qc8+ Qf8 33. Qxa6
Qb8 34. b4 h5 35. Qc6 Qe5 36. Kf1 h4 37. f4 Qa1+ 38. Kg2 Qxa3 39. b5 Qc5 40.
Qxc5 Nxc5 41. Kh3 Kf8 42. Kxh4 Ke7 43. Kg4 f6 44. f5 g5 45. Kh5 Ne4 46. f3 Nd2
47. Kg4 Kd6 48. e4 Nc4 49. Kh5 Ne5 50. Kh6 Nxf3 51. Kg6 g4 52. Kxf6 g3 0-1

[Event "Reykjavik Open 2009"]
[Site "Reykjavik"]
[Date "2009.03.31"]
[Round "8.29"]
[White "Olafsson, Thorvardur"]
[Black "Carlhammar, Magnus"]
[Result "0-1"]
[WhiteElo "2182"]
[BlackElo "2350"]
[PlyCount "94"]
[EventDate "2009.03.24"]

1. e4 c5 2. Nf3 d6 3. d4 cxd4 4. Nxd4 Nf6 5. Nc3 a6 6. Be3 e5 7. Nb3 Be6 8. f3
Be7 9. Qd2 h5 10. Nd5 Nxd5 11. exd5 Bf5 12. Bd3 Bxd3 13. Qxd3 Bh4+ 14. g3 Bg5
15. Bxg5 Qxg5 16. Na5 Qd8 17. Qa3 Qc7 18. Qb4 O-O 19. Nc4 b5 20. Nxd6 a5 21.
Nxb5 Qxc2 22. Qc3 Qg6 23. Qe3 Nd7 24. O-O h4 25. Kg2 Rab8 26. a4 Nb6 27. Qe4
Qxe4 28. fxe4 Nxa4 29. Rxa4 Rxb5 30. gxh4 Rxb2+ 31. Rf2 Rb4 32. Rxb4 axb4 33.
Rb2 Rb8 34. Rb3 Kf8 35. Kf2 Ke7 36. Ke2 Kd6 37. Kd3 f5 38. exf5 Kxd5 39. Rb1
e4+ 40. Kc2 Ke5 41. Rf1 b3+ 42. Kb2 e3 43. f6 gxf6 44. Rf3 Ke4 45. Rxf6 Re8 46.
Kc3 e2 47. Kd2 Rb8 0-1

[Event "Reykjavik Open 2009"]
[Site "Reykjavik"]
[Date "2009.03.31"]
[Round "8.30"]
[White "Johannesson, Ingvar Thor"]
[Black "Bjornsson, Tomas"]
[Result "1-0"]
[WhiteElo "2345"]
[BlackElo "2173"]
[PlyCount "73"]
[EventDate "2009.03.24"]

1. Nf3 Nf6 2. c4 c6 3. b3 d5 4. Bb2 Bf5 5. g3 e6 6. Bg2 Nbd7 7. d3 h6 8. O-O
Be7 9. Nbd2 O-O 10. Qc2 Bh7 11. a3 a5 12. Bc3 b5 13. cxb5 cxb5 14. b4 axb4 15.
axb4 Qc7 16. Qb2 Rxa1 17. Rxa1 Rc8 18. Bd4 Qc2 19. Qa3 Qc7 20. Nb3 Bd6 21. Qa6
Bxb4 22. Rc1 Qxc1+ 23. Nxc1 Rxc1+ 24. Bf1 Bf5 25. Kg2 Bf8 26. Qxb5 Be7 27. Qb7
Bf8 28. Bxf6 Nxf6 29. Ne5 Bg6 30. Nxg6 fxg6 31. h3 g5 32. e4 dxe4 33. dxe4 e5
34. Bc4+ Kh7 35. Be6 Rc2 36. Bf5+ Kh8 37. Qb8 1-0

[Event "Reykjavik Open 2009"]
[Site "Reykjavik"]
[Date "2009.03.31"]
[Round "8.31"]
[White "Filosof, Asi"]
[Black "Vernay, Clovis"]
[Result "0-1"]
[WhiteElo "1986"]
[BlackElo "2339"]
[PlyCount "66"]
[EventDate "2009.03.24"]

1. e4 e6 2. d4 d5 3. Bd3 dxe4 4. Bxe4 Nf6 5. Bf3 c5 6. Ne2 Nc6 7. Be3 Nd5 8.
Bc1 cxd4 9. Nxd4 Ne5 10. Be2 Bc5 11. Nb3 Bb6 12. c4 Nb4 13. Qxd8+ Bxd8 14. Kd2
Bd7 15. a3 Na6 16. Nd4 Bb6 17. Nb5 Nc5 18. Kc2 Ne4 19. f3 Rc8 20. fxe4 Bxb5 21.
b3 Bc6 22. Nd2 Ng6 23. Bb2 O-O 24. Bf3 Rfd8 25. Rad1 Nh4 26. Be5 Be3 27. Rhe1
Bc5 28. Bb2 Be7 29. e5 Rxd2+ 30. Rxd2 Bxf3 31. Rd7 Bc6 32. Red1 Bxd7 33. Rxd7
Nf5 0-1

[Event "Reykjavik Open 2009"]
[Site "Reykjavik"]
[Date "2009.03.31"]
[Round "8.32"]
[White "Bjornsson, Sverrir Orn"]
[Black "Thorsteinsson, Thorsteinn"]
[Result "1/2-1/2"]
[WhiteElo "2161"]
[BlackElo "2288"]
[PlyCount "106"]
[EventDate "2009.03.24"]

1. d4 d6 2. Nf3 Nf6 3. c4 Nbd7 4. Nc3 e5 5. e4 Be7 6. Be2 O-O 7. O-O c6 8. d5
c5 9. Ne1 Ne8 10. Nd3 Bg5 11. a3 g6 12. b4 b6 13. bxc5 bxc5 14. Bxg5 Qxg5 15.
Qc1 Qe7 16. Rb1 f5 17. a4 a5 18. exf5 gxf5 19. f4 e4 20. Ne1 Ndf6 21. Nc2 Nc7
22. Ne3 Na6 23. Nb5 Nb4 24. Rb3 Bd7 25. Kh1 Rf7 26. Qd2 Rg7 27. Rd1 h5 28. Ra3
Kf7 29. Rf1 Rh8 30. Kg1 Bc8 31. Re1 Rgh7 32. Rf1 Bd7 33. Re1 Rg8 34. Rd1 Bc8
35. Re1 Ke8 36. Qc3 Kf7 37. Qd2 Rgh8 38. Rf1 Bd7 39. Re1 Ng4 40. Nf1 Nf6 41.
Ne3 Rh6 42. Qc3 Rg8 43. Rd1 Rhg6 44. Rf1 Ng4 45. Bxg4 hxg4 46. g3 Rh6 47. Rf2
Nd3 48. Re2 Nb4 49. Rb3 Qf6 50. Qxf6+ Rxf6 51. Rc3 Ke7 52. Nc2 Rff8 53. Nca3
Ra8 1/2-1/2

[Event "Reykjavik Open 2009"]
[Site "Reykjavik"]
[Date "2009.03.31"]
[Round "8.33"]
[White "Hug, Marcel"]
[Black "Halldorsson, Jon Arni"]
[Result "0-1"]
[WhiteElo "2257"]
[BlackElo "2162"]
[PlyCount "136"]
[EventDate "2009.03.24"]

1. e4 e6 2. d3 d5 3. Nd2 Nf6 4. Ngf3 Be7 5. g3 b6 6. Bg2 Bb7 7. O-O c5 8. Re1
dxe4 9. Ng5 Nc6 10. Ndxe4 Nxe4 11. Nxe4 O-O 12. h4 Qd7 13. Bg5 f6 14. Be3 Rad8
15. a3 Rfe8 16. Rb1 f5 17. Nd2 e5 18. Nf3 Qc7 19. Bd2 Bf6 20. Bc3 c4 21. Nd2
cxd3 22. cxd3 Kh8 23. Qh5 g6 24. Qe2 Nd4 25. Bxd4 Bxg2 26. Bxb6 Qxb6 27. Kxg2
Qd4 28. b4 Qxd3 29. Qxd3 Rxd3 30. Nb3 e4 31. b5 Rc8 32. a4 Rc4 33. Nc1 Rd6 34.
a5 Rc8 35. b6 axb6 36. axb6 Rb8 37. Ne2 Rbxb6 38. Rxb6 Rxb6 39. Nf4 Be5 40. Nd5
Rb2 41. Rd1 Kg7 42. Ne3 Rb7 43. Rd2 Kf7 44. Nc4 Ke6 45. Rd8 Bf6 46. Rd6+ Ke7
47. Rd2 Rc7 48. Ne3 Ra7 49. Nd5+ Ke6 50. Ne3 Ra4 51. Nd5 Be5 52. Nb6 Rb4 53.
Nd5 Rb5 54. Ne3 h6 55. Ra2 Bd4 56. Ra6+ Rb6 57. Rxb6+ Bxb6 58. Nc4 Bc5 59. Nd2
Kd5 60. Nf1 Kc4 61. g4 f4 62. h5 g5 63. Nd2+ Kd3 64. Nb3 Ba3 65. Na5 Ke2 66.
Nb3 Bb2 67. Nc5 f3+ 68. Kg1 e3 0-1

[Event "Reykjavik Open 2009"]
[Site "Reykjavik"]
[Date "2009.03.31"]
[Round "8.34"]
[White "Lagerman, Robert"]
[Black "Ostling, Hakan"]
[Result "1-0"]
[WhiteElo "2368"]
[BlackElo "2151"]
[PlyCount "73"]
[EventDate "2009.03.24"]

1. e4 g6 2. d4 Bg7 3. Nc3 d6 4. Be2 a6 5. Be3 Nd7 6. Qd2 b5 7. Nf3 Bb7 8. O-O
Ngf6 9. e5 Ng4 10. e6 fxe6 11. Ng5 Nxe3 12. Nxe6 Nxf1 13. Qf4 Qb8 14. Nxg7+ Kd8
15. Ne6+ Ke8 16. Ng7+ Kd8 17. Bxf1 Nf6 18. Re1 Rg8 19. Ne6+ Kc8 20. g3 Bc6 21.
Ng5 Re8 22. Bh3+ Kb7 23. Be6 Qa7 24. d5 Bd7 25. Bf7 h6 26. Ne6 g5 27. Qf3 Rh8
28. Ng7 Bg4 29. Qd3 Nd7 30. Rxe7 Ne5 31. Qe4 Rhf8 32. Ne6 Rac8 33. Nxf8 Rxf8
34. Qh7 Qd4 35. Qe4 Qxe4 36. Nxe4 Rxf7 37. Nxd6+ 1-0

[Event "Reykjavik Open 2009"]
[Site "Reykjavik"]
[Date "2009.03.31"]
[Round "8.35"]
[White "Halldorsson, Gudmundur"]
[Black "Tratatovici, Dan"]
[Result "1-0"]
[WhiteElo "2248"]
[BlackElo "2122"]
[PlyCount "49"]
[EventDate "2009.03.24"]

1. d4 Nf6 2. c4 g6 3. Nc3 d5 4. Nf3 Bg7 5. Bg5 Ne4 6. Bh4 Nxc3 7. bxc3 dxc4 8.
Qa4+ Nd7 9. e4 O-O 10. Qa3 c5 11. Bxc4 Qc7 12. Rc1 e5 13. O-O b6 14. Qb3 b5 15.
Qxb5 a5 16. Qb2 Bb7 17. d5 Rab8 18. Qe2 Qd6 19. Rb1 Ba8 20. Bb5 f5 21. Nd2 c4
22. Nxc4 Qc7 23. Be7 fxe4 24. Bd6 Qa7 25. Qe3 1-0

[Event "Reykjavik Open 2009"]
[Site "Reykjavik"]
[Date "2009.03.31"]
[Round "8.37"]
[White "Asgeirsson, Heimir"]
[Black "Thorsteinsson, Erlingur"]
[Result "1-0"]
[WhiteElo "2171"]
[BlackElo "2130"]
[PlyCount "73"]
[EventDate "2009.03.24"]

1. d4 e6 2. c4 f5 3. Nc3 Nf6 4. g3 d5 5. Bg2 c6 6. Nf3 Bd6 7. Qd3 Nbd7 8. cxd5
cxd5 9. O-O O-O 10. b3 a6 11. a4 Qe7 12. Bf4 Bb4 13. Rac1 Ne4 14. Na2 Bd6 15.
Bxd6 Nxd6 16. Rc7 Ne8 17. Rc2 b6 18. Rfc1 Bb7 19. Ne5 Nxe5 20. dxe5 f4 21. Qd4
fxg3 22. hxg3 b5 23. Nb4 Rf7 24. Nc6 Qd7 25. Qb6 bxa4 26. bxa4 Rc8 27. a5 Rc7
28. Bh3 Bc8 29. Nb8 Qd8 30. Nxa6 Rxc2 31. Rxc2 Qd7 32. Nc5 Qc7 33. Bxe6 Bxe6
34. Qxe6 Qb8 35. Kg2 Nc7 36. Qc6 Qd8 37. Ne6 1-0

[Event "Reykjavik Open 2009"]
[Site "Reykjavik"]
[Date "2009.03.31"]
[Round "8.38"]
[White "Andersson, Christin"]
[Black "Einarsson, Einar Kristinn"]
[Result "1-0"]
[WhiteElo "2132"]
[BlackElo "2065"]
[PlyCount "73"]
[EventDate "2009.03.24"]

1. e4 Nf6 2. Nc3 d5 3. exd5 Nxd5 4. Bc4 Nb6 5. Bb3 Nc6 6. a3 Bf5 7. Nf3 e6 8.
d4 Be7 9. O-O O-O 10. Be3 Bf6 11. Qe2 Re8 12. Rad1 Nd5 13. Nxd5 exd5 14. Qb5
Be4 15. Nd2 Rb8 16. Nxe4 dxe4 17. Qh5 g6 18. Qe2 a6 19. c3 Qe7 20. Rfe1 Bg5 21.
Bxg5 Qxg5 22. Qc2 e3 23. fxe3 Rxe3 24. Bxf7+ Kg7 25. Bc4 Rf8 26. Rf1 Rfe8 27.
Qf2 b5 28. Bd3 Qe7 29. Qf4 Nd8 30. Rf3 Rxf3 31. Qxf3 Nf7 32. Rf1 Nd6 33. h3 Nc8
34. Kh1 Nb6 35. Qc6 Rc8 36. Qb7 Rf8 37. Qxa6 1-0

[Event "Reykjavik Open 2009"]
[Site "Reykjavik"]
[Date "2009.03.31"]
[Round "8.40"]
[White "Rodriguez Fonseca, Jorge"]
[Black "Eliasson, Kristjan Orn"]
[Result "0-1"]
[WhiteElo "2052"]
[BlackElo "1940"]
[PlyCount "78"]
[EventDate "2009.03.24"]

1. e4 d6 2. d3 e5 3. g3 Nc6 4. Bg2 Nf6 5. c3 g6 6. Nf3 Bg7 7. O-O O-O 8. b4 Bg4
9. Nbd2 Qc8 10. a4 Nh5 11. Ba3 h6 12. b5 Nd8 13. Qc2 Bh3 14. Nc4 Bxg2 15. Kxg2
Nf4+ 16. Kh1 Qh3 17. Ne3 Nh5 18. Rad1 Qc8 19. d4 f6 20. d5 Nf7 21. Nh4 Kh7 22.
a5 Ng5 23. f4 Qh3 24. Qg2 Qxg2+ 25. Kxg2 Nxe4 26. c4 exf4 27. gxf4 f5 28. Nc2
Bf6 29. Kh3 Bxh4 30. Kxh4 Nxf4 31. Rxf4 g5+ 32. Kh3 gxf4 33. Rf1 Ng5+ 34. Kg2
f3+ 35. Kh1 Rae8 36. b6 axb6 37. axb6 cxb6 38. Bxd6 Rf7 39. Bf4 Re4 0-1

[Event "Reykjavik Open 2009"]
[Site "Reykjavik"]
[Date "2009.03.31"]
[Round "8.41"]
[White "Benediktsson, Frimann"]
[Black "Bjarnason, Saevar"]
[Result "0-1"]
[WhiteElo "1939"]
[BlackElo "2211"]
[PlyCount "152"]
[EventDate "2009.03.24"]

1. d4 Nf6 2. c4 g6 3. Nc3 Bg7 4. Nf3 O-O 5. e4 d6 6. Be2 Nbd7 7. O-O e5 8. Re1
exd4 9. Nxd4 Re8 10. Bf1 Nc5 11. f3 a5 12. Be3 c6 13. Qd2 Nfd7 14. Rad1 a4 15.
Qc2 Qa5 16. Rc1 Nf6 17. Bf2 Bd7 18. Kh1 Rad8 19. Red1 a3 20. b3 Qc7 21. Qd2 Bc8
22. g3 Qe7 23. Nc2 Ne6 24. Nd4 Qf8 25. Nxe6 Bxe6 26. Qc2 Nd7 27. Bg2 f5 28.
exf5 Bxf5 29. Qd2 Nc5 30. Bf1 Bc8 31. Bg2 Bh6 32. f4 Bg7 33. Bd4 Bf5 34. Bxg7
Qxg7 35. Bf1 Ne4 36. Nxe4 Bxe4+ 37. Kg1 d5 38. cxd5 Bxd5 39. Qf2 Qe7 40. Rd2
Qe4 41. Bg2 Qxg2+ 42. Qxg2 Bxg2 43. Rxg2 Re3 44. Rf2 Red3 45. Rcc2 R8d5 46. Kg2
Kf7 47. Rfe2 Rd1 48. Rf2 Rb1 49. Kf3 Ke6 50. Rfe2+ Kd6 51. Ke4 h5 52. h3 Rh1
53. Rh2 Re1+ 54. Rhe2 Rh1 55. Rh2 Rhd1 56. Rhe2 R1d3 57. Re3 Rd2 58. Re2 R5d4+
59. Kf3 R4d3+ 60. Kf2 Rd1 61. Kg2 Rb1 62. Rf2 Ke6 63. Rfe2+ Kf6 64. Kf2 h4 65.
gxh4 Rxh3 66. Rcd2 Rh2+ 67. Kf3 Rxe2 68. Rxe2 Rb2 69. b4 Rxe2 70. Kxe2 Kf5 71.
Ke3 b6 72. Kf3 c5 73. bxc5 bxc5 74. Ke3 Kg4 75. Ke4 c4 76. Kd4 Kxf4 0-1

[Event "Reykjavik Open 2009"]
[Site "Reykjavik"]
[Date "2009.03.31"]
[Round "8.42"]
[White "Brynjarsson, Helgi"]
[Black "Thorgeirsson, Sverrir"]
[Result "0-1"]
[WhiteElo "1949"]
[BlackElo "2094"]
[PlyCount "56"]
[EventDate "2009.03.24"]

1. c4 e6 2. d4 b6 3. Nc3 Bb7 4. d5 exd5 5. cxd5 f5 6. g4 fxg4 7. e4 Nf6 8. Bg5
Bd6 9. Be2 O-O 10. Bxg4 Qe8 11. Bxf6 Rxf6 12. Nge2 Na6 13. O-O h5 14. Bf5 g6
15. Bh3 Nc5 16. f3 Qf7 17. Bg2 a5 18. Qd2 Rf8 19. Rad1 Ba6 20. Qc2 Qe7 21. a3
Bc4 22. Rd4 Bxe2 23. Nxe2 Qe5 24. Kf2 Qxh2 25. Qc3 Qh4+ 26. Ke3 Qg5+ 27. Kf2
Qe5 28. b4 Nxe4+ 0-1

[Event "Reykjavik Open 2009"]
[Site "Reykjavik"]
[Date "2009.03.31"]
[Round "8.43"]
[White "Fridgeirsson, Dagur Andri"]
[Black "Gudmundsson, Stefan Freyr"]
[Result "0-1"]
[WhiteElo "1787"]
[BlackElo "2092"]
[PlyCount "104"]
[EventDate "2009.03.24"]

1. d4 Nf6 2. c4 c5 3. d5 b5 4. cxb5 a6 5. b6 Qxb6 6. Nc3 d6 7. e4 g6 8. Qb3
Nbd7 9. Qxb6 Nxb6 10. Bd3 Bg7 11. Nge2 O-O 12. O-O Bd7 13. f3 Rfb8 14. Be3 Na4
15. Nxa4 Bxa4 16. Nc3 Bb5 17. Bxb5 axb5 18. a3 Nd7 19. Rfc1 Ne5 20. Nd1 Nc4 21.
Rc2 Nxe3 22. Nxe3 Bd4 23. Kf2 b4 24. Ke2 bxa3 25. Rxa3 Rxa3 26. bxa3 Bxe3 27.
Kxe3 Rb3+ 28. Kd2 Rxa3 29. Kc1 Kg7 30. Rb2 Kf6 31. Kd2 Ke5 32. Rb7 Ra2+ 33. Ke1
Kf6 34. g4 g5 35. f4 gxf4 36. g5+ Kxg5 37. Rxe7 Kf6 38. Rd7 Ke5 39. Rxf7 Kxe4
40. Rxh7 Kxd5 41. h4 Ke4 42. Re7+ Kf5 43. Rd7 Ra6 44. Rg7 d5 45. Rd7 Ke4 46.
Re7+ Kf5 47. Rd7 Ke5 48. Re7+ Re6 49. Ra7 Rh6 50. Re7+ Kd4 51. Kf2 Rxh4 52. Kf3
c4 0-1

[Event "Reykjavik Open 2009"]
[Site "Reykjavik"]
[Date "2009.03.31"]
[Round "8.44"]
[White "Gudmundsdottir, Geirthrudur Ann"]
[Black "Bergsson, Stefan"]
[Result "0-1"]
[WhiteElo "1775"]
[BlackElo "2079"]
[PlyCount "69"]
[EventDate "2009.03.24"]

1. e4 e5 2. Nf3 Nc6 3. Bb5 a6 4. Bxc6 dxc6 5. O-O Bg4 6. d3 Bc5 7. Be3 Bxe3 8.
fxe3 Ne7 9. Nbd2 c5 10. Qe1 f6 11. Qg3 Qd7 12. h3 Bxf3 13. Nxf3 O-O 14. Nh4
Rad8 15. Nf5 Nxf5 16. Rxf5 c4 17. dxc4 Qc6 18. b3 Qxe4 19. Rf2 Rd7 20. Qf3 Qxf3
21. gxf3 Rfd8 22. Re1 f5 23. b4 Kf7 24. Rfe2 Kf6 25. Kf2 Kg5 26. Kg3 f4+ 27.
exf4+ exf4+ 28. Kg2 Rd2 29. a4 Kh4 30. b5 a5 31. Kf2 g5 32. c5 h5 33. c4 R8d4
34. Rc1 R4d3 35. b6 0-1

[Event "Reykjavik Open 2009"]
[Site "Reykjavik"]
[Date "2009.03.31"]
[Round "8.46"]
[White "Jonsson, Bjorn"]
[Black "Jonsson, Olafur Gisli"]
[Result "1-0"]
[WhiteElo "2012"]
[BlackElo "1913"]
[PlyCount "69"]
[EventDate "2009.03.24"]

1. d4 Nf6 2. c4 e6 3. Nf3 c5 4. e3 d5 5. Nc3 Nc6 6. a3 a6 7. Bd3 dxc4 8. Bxc4
b5 9. Bd3 Bb7 10. O-O Qc7 11. Qe2 Rd8 12. Rd1 cxd4 13. exd4 Be7 14. h3 O-O 15.
Be3 h6 16. Rac1 Qb8 17. b4 Qa8 18. Bb1 Rd7 19. Qc2 Rfd8 20. d5 exd5 21. Bd4
Nxd4 22. Nxd4 Ne4 23. f3 Bg5 24. fxe4 Be3+ 25. Kh1 dxe4 26. Nf5 Bxc1 27. Rxd7
Rxd7 28. Qxc1 Qd8 29. Qe3 g6 30. Nxh6+ Kg7 31. Ng4 Qh4 32. Bxe4 Bxe4 33. Nxe4
Rd1+ 34. Kh2 Qe1 35. Qh6+ 1-0

[Event "Reykjavik Open 2009"]
[Site "Reykjavik"]
[Date "2009.03.31"]
[Round "8.47"]
[White "Kristinsson, Bjarni Jens"]
[Black "Helgadottir, Sigridur Bjorg"]
[Result "1-0"]
[WhiteElo "1959"]
[BlackElo "1646"]
[PlyCount "55"]
[EventDate "2009.03.24"]

1. e4 c5 2. Nf3 d6 3. d4 cxd4 4. Nxd4 Nf6 5. Nc3 a6 6. Bg5 e6 7. f4 Be7 8. Qf3
Qc7 9. O-O-O Nbd7 10. Bd3 h6 11. Bh4 g5 12. fxg5 Ne5 13. Qe2 Nfg4 14. Kb1 hxg5
15. Bg3 b5 16. h3 Nf6 17. a3 Rb8 18. Na2 Nc4 19. Nb4 Bb7 20. Bxc4 bxc4 21. e5
Nd5 22. exd6 Bxd6 23. Nxe6 fxe6 24. Qxe6+ Qe7 25. Qxd6 Qxd6 26. Bxd6 Rd8 27.
Rhe1+ Kf7 28. Nxd5 1-0

[Event "Reykjavik Open 2009"]
[Site "Reykjavik"]
[Date "2009.03.31"]
[Round "8.50"]
[White "Gudmundsson, Kjartan"]
[Black "Eiriksson, Vikingur Fjalar"]
[Result "1-0"]
[WhiteElo "2009"]
[BlackElo "1882"]
[PlyCount "45"]
[EventDate "2009.03.24"]

1. e4 Nf6 2. e5 Nd5 3. d4 d6 4. c4 Nb6 5. f4 dxe5 6. fxe5 c5 7. d5 e6 8. Nc3
exd5 9. cxd5 c4 10. Nf3 Bg4 11. Bxc4 Nxc4 12. Qa4+ Nd7 13. Qxc4 Bxf3 14. gxf3
Nxe5 15. Qe4 Qe7 16. O-O Ng6 17. Qa4+ Kd8 18. d6 Qd7 19. Nb5 Ne5 20. Be3 Nc6
21. Nxa7 b5 22. Bb6+ Ke8 23. Qe4+ 1-0

[Event "Reykjavik Open 2009"]
[Site "Reykjavik"]
[Date "2009.03.31"]
[Round "8.52"]
[White "Ingason, Sigurdur"]
[Black "Sigurjonsson, Siguringi"]
[Result "1-0"]
[WhiteElo "1949"]
[BlackElo "1904"]
[PlyCount "81"]
[EventDate "2009.03.24"]

1. d4 d6 2. Nf3 Bg4 3. e3 Nd7 4. Be2 Ngf6 5. b3 c6 6. Bb2 d5 7. O-O e6 8. Nbd2
Be7 9. c4 O-O 10. Rc1 a5 11. a3 Re8 12. Bd3 h6 13. Qc2 Rc8 14. h3 Bxf3 15. Nxf3
c5 16. Rfd1 Qb6 17. Nd2 cxd4 18. exd4 Qd6 19. Nf3 b6 20. Qe2 Qf4 21. g3 Qb8 22.
Ne5 Bd6 23. Re1 Qb7 24. c5 Nxc5 25. dxc5 Rxc5 26. a4 Qc7 27. Ng4 Ne4 28. Bxe4
dxe4 29. Ne3 f5 30. Nc4 Bf8 31. Rcd1 g5 32. Qh5 Qf7 33. Qxf7+ Kxf7 34. Bd4 Rd5
35. Bxb6 Bb4 36. Rf1 Rb8 37. Bc7 Rb7 38. Bb6 Kf6 39. Bd4+ e5 40. Bb2 Rbd7 41.
Nxe5 1-0

[Event "Reykjavik Open 2009"]
[Site "Reykjavik"]
[Date "2009.03.31"]
[Round "8.53"]
[White "Andrason, Pall"]
[Black "Palsson, Svanberg Mar"]
[Result "0-1"]
[WhiteElo "1564"]
[BlackElo "1720"]
[PlyCount "72"]
[EventDate "2009.03.24"]

1. e4 c5 2. Nf3 d6 3. d4 cxd4 4. Nxd4 Nf6 5. Nc3 a6 6. Bd3 e6 7. O-O b5 8. a3
Nbd7 9. Be3 Bb7 10. f3 Rc8 11. Qe2 d5 12. exd5 Nxd5 13. Nxd5 Bxd5 14. c3 Ne5
15. Rfd1 Qf6 16. f4 Nxd3 17. Qxd3 Qg6 18. Qxg6 hxg6 19. Rd2 Bc5 20. Nc2 Bxe3+
21. Nxe3 Bc6 22. Rad1 Ke7 23. Nc2 Rhd8 24. Rxd8 Rxd8 25. Rxd8 Kxd8 26. Kf2 Kc7
27. g3 Be4 28. Ne1 Kd6 29. Ke3 Kd5 30. b3 Bf5 31. Nd3 Bxd3 32. Kxd3 a5 33. h3
f6 34. Ke3 a4 35. c4+ Kc5 36. cxb5 axb3 0-1

[Event "Reykjavik Open 2009"]
[Site "Reykjavik"]
[Date "2009.03.31"]
[Round "8.55"]
[White "Gasanova, Ulker"]
[Black "Johannsdottir, Johanna Bjorg"]
[Result "0-1"]
[WhiteElo "1646"]
[BlackElo "1724"]
[PlyCount "74"]
[EventDate "2009.03.24"]

1. e4 c5 2. Nf3 e6 3. d4 cxd4 4. Nxd4 a6 5. a3 Qc7 6. Nc3 Nf6 7. Be3 b5 8. Bd3
Bb7 9. f4 b4 10. axb4 Bxb4 11. Bd2 Bxc3 12. bxc3 Nxe4 13. Bxe4 Bxe4 14. O-O Nc6
15. Be3 O-O 16. Qe2 Na5 17. f5 e5 18. Nb3 Nxb3 19. cxb3 Qxc3 20. f6 Qd3 21.
Qxd3 Bxd3 22. Rfd1 Bb5 23. fxg7 Kxg7 24. Kf2 f6 25. Rac1 Rfc8 26. Rb1 Rc2+ 27.
Kg3 Rac8 28. b4 Re2 29. Re1 Rxe1 30. Rxe1 Rc2 31. Rd1 Bc6 32. Bf2 Rb2 33. Ra1
Bb7 34. Rd1 d5 35. Be1 d4 36. Bd2 Kg6 37. h3 Kf5 0-1

[Event "Reykjavik Open 2009"]
[Site "Reykjavik"]
[Date "2009.04.01"]
[Round "9.9"]
[White "Siebrecht, Sebastian"]
[Black "Oleksienko, Mikhailo"]
[Result "1-0"]
[WhiteElo "2440"]
[BlackElo "2550"]
[PlyCount "67"]
[EventDate "2009.03.24"]

1. d4 Nf6 2. c4 e6 3. Nc3 c5 4. d5 exd5 5. cxd5 d6 6. e4 g6 7. Nge2 Bg7 8. Ng3
O-O 9. Be2 Na6 10. O-O Nc7 11. a4 Nd7 12. Bf4 Qe7 13. Qd2 Re8 14. Bh6 a6 15.
Bxg7 Kxg7 16. f4 f6 17. e5 fxe5 18. f5 Rf8 19. Nce4 Ne8 20. Ra3 Qh4 21. Raf3
Ndf6 22. fxg6 hxg6 23. Qe1 Rh8 24. h3 Bg4 25. Rxf6 Nxf6 26. Rxf6 Bxe2 27. Qxe2
Raf8 28. Rxd6 Rf7 29. Qe3 Qf4 30. Qxc5 g5 31. Qb6 Qc1+ 32. Kh2 Rxh3+ 33. Kxh3
g4+ 34. Kh4 1-0

[Event "Reykjavik Open 2009"]
[Site "Reykjavik"]
[Date "2009.04.01"]
[Round "9.11"]
[White "Conquest, Stuart C"]
[Black "Meszaros, Michal"]
[Result "1-0"]
[WhiteElo "2531"]
[BlackElo "2376"]
[PlyCount "155"]
[EventDate "2009.03.24"]

1. d4 Nf6 2. c4 g6 3. Nc3 Bg7 4. e4 d6 5. h3 O-O 6. Bg5 h6 7. Be3 c6 8. Nf3 a6
9. Qc1 Kh7 10. e5 Ne8 11. Be2 Nc7 12. h4 h5 13. O-O Bf5 14. Rd1 d5 15. c5 f6
16. exf6 exf6 17. Nd2 Ne6 18. Nf1 Nc7 19. Bf4 Ne6 20. Be3 Nc7 21. Re1 Nd7 22.
Qd1 Be6 23. Bd3 f5 24. Nh2 Bf7 25. Nf3 Ne6 26. Ne2 Re8 27. b4 Kg8 28. a4 Nf6
29. Rb1 Ng4 30. Bg5 Qc7 31. g3 b5 32. Bd2 Re7 33. Kg2 Rae8 34. Qc2 Qb8 35. Ra1
Qc7 36. Rf1 Qb7 37. Ra3 Nc7 38. Bf4 Ne6 39. Bd6 Rd7 40. Rfa1 Kh7 41. axb5 axb5
42. Ra6 Qc8 43. R1a3 Bf8 44. Bxf8 Rxf8 45. Qa2 Rb7 46. Ra8 Rb8 47. R8a7 Kg8 48.
Qd2 Rb7 49. Ng5 Re8 50. Nh3 Kg7 51. Qa2 Ree7 52. Ra8 Qc7 53. R3a6 Qd7 54. Ra3
Qc7 55. Qa1 Nf8 56. R3a6 Nd7 57. Ng5 Ndf6 58. Nf4 Ne4 59. Ngh3 Nef6 60. Qa5 Ne8
61. Rb6 Nef6 62. Raa6 Be8 63. Ng5 Kh6 64. Nfe6 Qd7 65. Rxb7 Qxb7 66. Ra8 Nh7
67. Qd8 Nxg5 68. Nxg5 Kg7 69. Qd6 Qd7 70. Rd8 Qa7 71. Ne6+ Kf7 72. Ng5+ Kg7 73.
Ra8 Qd7 74. Qf4 Qb7 75. Rd8 Nf6 76. Rd6 Bd7 77. Rxf6 Kxf6 78. Qd6+ 1-0

[Event "Reykjavik Open 2009"]
[Site "Reykjavik"]
[Date "2009.04.01"]
[Round "9.12"]
[White "Rombaldoni, Axel"]
[Black "Williams, Simon K"]
[Result "0-1"]
[WhiteElo "2309"]
[BlackElo "2507"]
[PlyCount "82"]
[EventDate "2009.03.24"]

1. e4 c5 2. Nf3 d6 3. d4 cxd4 4. Qxd4 a6 5. c4 Nc6 6. Qe3 Bg4 7. Be2 g6 8. O-O
Bg7 9. Rd1 Qa5 10. Rd5 Qc7 11. Na3 Nf6 12. Rd1 Nd7 13. h3 Bxf3 14. Bxf3 O-O 15.
Rb1 Nc5 16. b4 Na4 17. b5 Ne5 18. Be2 Nd7 19. Bd2 Ndc5 20. Rdc1 a5 21. Nc2 f5
22. exf5 gxf5 23. Bf3 Kh8 24. Qa3 Qd7 25. Ne3 e6 26. b6 Ra6 27. Rb5 f4 28. Nf1
Nxb6 29. Rxc5 dxc5 30. Qxc5 Na4 31. Qh5 Bd4 32. c5 e5 33. Be4 Qf7 34. Qf3 Nxc5
35. Rxc5 Bxc5 36. Bxb7 Rb6 37. Bd5 Qg7 38. Bxa5 Rb2 39. Be1 Bd4 40. Nd2 Qg3 41.
Qe4 Rxd2 0-1

[Event "Reykjavik Open 2009"]
[Site "Reykjavik"]
[Date "2009.04.01"]
[Round "9.13"]
[White "Ris, Robert"]
[Black "Bhat, Vinay S"]
[Result "1/2-1/2"]
[WhiteElo "2436"]
[BlackElo "2495"]
[PlyCount "34"]
[EventDate "2009.03.24"]

1. d4 d5 2. Nf3 Nf6 3. c4 c6 4. Nc3 dxc4 5. a4 Bf5 6. e3 e6 7. Bxc4 Bb4 8. O-O
O-O 9. Qe2 Nbd7 10. e4 Bg6 11. Bd3 Bh5 12. e5 Nd5 13. Nxd5 cxd5 14. Qe3 Re8 15.
Ng5 Bg6 16. Bxg6 fxg6 17. a5 Nf8 1/2-1/2